000 00793cam a22002414a 4500
001 11961563
005 20250430131945.0
008 000403s2000 ilu 000 0 eng
020 _a0658004557 (pbk.)
050 0 0 _aHF5383
_b.V46 2000
082 0 0 _a808/.06665
_221
245 0 0 _aResumes for business management careers /
_cthe editors of VGM Career Books.
250 _a2nd. ed.
260 _aChicago, Ill. :
_bVGM Career Books,
_cc2000.
300 _aiv, 156 p. ;
_c28 cm.
440 0 _aVGM professional resumes series
650 0 _aRésumés (Employment)
650 0 _aCover letters.
650 0 _aExecutives
_zUnited States.
710 2 _aVGM Career Books (Firm)
856 4 2 _3Publisher description
_uhttp://www.loc.gov/catdir/description/mh021/00038188.html
942 _2lcc
_cBK
_n0
999 _c5610
_d5610